Name the Top 5 Football Leagues in Europe in 15 seconds - Statistics

General Stats
  • This quiz has been taken 40 times
  • The average score is 4 of 5
Answer Stats
Answer % Correct
Premier League
90%
Laliga
87%
Ligue 1
77%
Bundesliga
68%
Serie A
61%
No matching quizzes found
Score Distribution
Percent of People with Each Score
Percentile by Number Answered
Your Score History
You have not taken this quiz